Revista de estudios de la vida local
ISBN:
847088171X
Descripción Física:
26 vols. ; periodicitat: trimestral ; 24 cm
Descripción:
Hi ha els índexs dels anys: 1942-1984.
Idioma:
Español
MARC
| LEADER | 00000nas a2200000 a 4500 | ||
|---|---|---|---|
| 001 | 28228-28253 | ||
| 003 | AGDB | ||
| 005 | 20260324181509.0 | ||
| 008 | 160829s9999 xx 000 0 cat d | ||
| 017 | |a B 1582-1958 | ||
| 017 | |a B 17682-1975 | ||
| 020 | |a 847088171X | ||
| 022 | |a 0034-8163 | ||
| 040 | |a agdb |b cat | ||
| 041 | |a spa | ||
| 245 | |a Revista de estudios de la vida local | ||
| 260 | |a Madrid : |b Instituto de Estudios de Administración Local ; |c [1942]- 1984 | ||
| 300 | |a 26 vols. ; |b periodicitat: trimestral ; |c 24 cm | ||
| 310 | |a Trimestral | ||
| 362 | |a Año 1, no. 1 (enero/feb. 1942)-año 43, no. 224 (oct./dic. 1984) | ||
| 504 | |a Notes, bibliografia, referències bibliogràfiques. | ||
| 504 | |a Inclou jurisprudència. | ||
| 520 | |a Hi ha els índexs dels anys: 1942-1984. | ||
| 590 | |a Descripció basada en: Año 27, no. 160 (oct./dic. 1968). | ||
| 590 | |a Continuada per: Revista de estudios de la administración local y autonómica, ISSN 0213-4675. | ||
| 650 | 0 | |a Administració local |z Espanya |v Revistes |9 39429 | |
| 650 | 0 | |a Administració local |v Revistes |9 34342 | |
| 655 | 0 | |9 55823 |a Revistes | |
| 710 | 2 | |a Instituto de Estudios de Administración Local (Espanya) |9 54775 | |
| 785 | 0 | 0 | |t Revista de estudios de la administración local y autonómica |
| 866 | |a 1968 (160) | ||
| 866 | |a 1969 (161) | ||
| 866 | |a 1970 (166-167) | ||
| 866 | |a 1971 (169) | ||
| 866 | |a 1973 (177-179) | ||
| 866 | |a 1975 (185) | ||
| 866 | |a 1976 (189) | ||
| 866 | |a 1981 (211-212) | ||
| 866 | |a 1982 (213-216) | ||
| 866 | |a 1983 (217-220) | ||
| 866 | |a 1984 (221-224) | ||
| 866 | |a Índexs 1942-1973 | ||
| 866 | |a Índexs 1968, 1972-1984 | ||
| 901 | |a Arxiu | ||
| 942 | |n 1 |2 udc |c REV | ||
| 952 | |0 0 |1 0 |4 0 |6 REV674 |7 1 |9 48823 |a Arxiu |b Arxiu |d 2016-12-01 |h Núm. 160 (octubre/desembre 1968) |o Rev-674 |p 28228 |r 2016-12-01 00:00:00 |w 2016-12-01 |y ARXIU | ||
| 952 | |0 0 |1 0 |4 0 |6 REV675 |7 1 |9 96169 |a Arxiu |b Arxiu |d 2023-08-22 |h Núm. 161 (gener/març 1969) |l 0 |o Rev-675 |p 28229 |r 2023-08-22 00:00:00 |w 2023-08-22 |y ARXIU | ||
| 952 | |0 0 |1 0 |4 0 |6 REV676 |7 1 |9 96170 |a Arxiu |b Arxiu |d 2023-08-22 |h Núm. 166 (abril/juny 1970) |l 0 |o Rev-676 |p 28230 |r 2023-08-22 00:00:00 |w 2023-08-22 |y ARXIU | ||
| 952 | |0 0 |1 0 |4 0 |6 REV677 |7 1 |9 96171 |a Arxiu |b Arxiu |d 2023-08-22 |h Núm. 167 (juliol/setembre 1970) |l 0 |o Rev-677 |p 28231 |r 2023-08-22 00:00:00 |w 2023-08-22 |y ARXIU | ||
| 952 | |0 0 |1 0 |4 0 |6 REV678 |7 1 |9 96172 |a Arxiu |b Arxiu |d 2023-08-22 |h Núm. 169 (gener/març 1971) |l 0 |o Rev-678 |p 28232 |r 2023-08-22 00:00:00 |w 2023-08-22 |y ARXIU | ||
| 952 | |0 0 |1 0 |4 0 |6 REV679 |7 1 |9 96173 |a Arxiu |b Arxiu |d 2023-08-22 |h Núm. 177 (gener/març 1973) |l 0 |o Rev-679 |p 28233 |r 2023-08-22 00:00:00 |w 2023-08-22 |y ARXIU | ||
| 952 | |0 0 |1 0 |4 0 |6 REV680 |7 1 |9 96174 |a Arxiu |b Arxiu |d 2023-08-22 |h Núm. 178 (abril/juny 1973) |l 0 |o Rev-680 |p 28234 |r 2023-08-22 00:00:00 |w 2023-08-22 |y ARXIU | ||
| 952 | |0 0 |1 0 |4 0 |6 REV681 |7 1 |9 96175 |a Arxiu |b Arxiu |d 2023-08-22 |h Núm. 179 (juliol/setembre 1973) |l 0 |o Rev-681 |p 28235 |r 2023-08-22 00:00:00 |w 2023-08-22 |y ARXIU | ||
| 952 | |0 0 |1 0 |4 0 |6 REV682 |7 1 |9 96176 |a Arxiu |b Arxiu |d 2023-08-22 |h Núm. 185 (gener/març 1975) |l 0 |o Rev-682 |p 28236 |r 2023-08-22 00:00:00 |w 2023-08-22 |y ARXIU | ||
| 952 | |0 0 |1 0 |4 0 |6 REV683 |7 1 |9 96177 |a Arxiu |b Arxiu |d 2023-08-22 |h Núm. 189 (gener/març 1976) |l 0 |o Rev-683 |p 28237 |r 2023-08-22 00:00:00 |w 2023-08-22 |y ARXIU | ||
| 952 | |0 0 |1 0 |4 0 |6 REV684 |7 1 |9 96178 |a Arxiu |b Arxiu |d 2023-08-22 |h Núm. 211 (juliol/setembre 1981) |l 0 |o Rev-684 |p 28238 |r 2023-08-22 00:00:00 |w 2023-08-22 |y ARXIU | ||
| 952 | |0 0 |1 0 |4 0 |6 REV685 |7 1 |9 96179 |a Arxiu |b Arxiu |d 2023-08-22 |h Núm. 212 (octubre/desembre 1981) |l 0 |o Rev-685 |p 28239 |r 2023-08-22 00:00:00 |w 2023-08-22 |y ARXIU | ||
| 952 | |0 0 |1 0 |4 0 |6 REV686 |7 1 |9 96180 |a Arxiu |b Arxiu |d 2023-08-22 |h Núm. 213 (gener/març 1982) |l 0 |o Rev-686 |p 28240 |r 2023-08-22 00:00:00 |w 2023-08-22 |y ARXIU | ||
| 952 | |0 0 |1 0 |4 0 |6 REV687 |7 1 |9 96181 |a Arxiu |b Arxiu |d 2023-08-22 |h Núm. 214 (abril/juny 1982) |l 0 |o Rev-687 |p 28241 |r 2023-08-22 00:00:00 |w 2023-08-22 |y ARXIU | ||
| 952 | |0 0 |1 0 |4 0 |6 REV688 |7 1 |9 96182 |a Arxiu |b Arxiu |d 2023-08-22 |h Núm. 215 (juliol/setembre 1982) |l 0 |o Rev-688 |p 28242 |r 2023-08-22 00:00:00 |w 2023-08-22 |y ARXIU | ||
| 952 | |0 0 |1 0 |4 0 |6 REV689 |7 1 |9 96183 |a Arxiu |b Arxiu |d 2023-08-22 |h Núm. 216 (octubre/desembre 1982) |l 0 |o Rev-689 |p 28243 |r 2023-08-22 00:00:00 |w 2023-08-22 |y ARXIU | ||
| 952 | |0 0 |1 0 |4 0 |6 REV690 |7 1 |9 96184 |a Arxiu |b Arxiu |d 2023-08-22 |h Núm. 217 (gener/març 1983) |l 0 |o Rev-690 |p 28244 |r 2023-08-22 00:00:00 |w 2023-08-22 |y ARXIU | ||
| 952 | |0 0 |1 0 |4 0 |6 REV691 |7 1 |9 96185 |a Arxiu |b Arxiu |d 2023-08-22 |h Núm. 218 (abril/juny 1983) |l 0 |o Rev-691 |p 28245 |r 2023-08-22 00:00:00 |w 2023-08-22 |y ARXIU | ||
| 952 | |0 0 |1 0 |4 0 |6 REV692 |7 1 |9 96186 |a Arxiu |b Arxiu |d 2023-08-22 |h Núm. 219 (juliol/setembre 1983) |l 0 |o Rev-692 |p 28246 |r 2023-08-22 00:00:00 |w 2023-08-22 |y ARXIU | ||
| 952 | |0 0 |1 0 |4 0 |6 REV693 |7 1 |9 96187 |a Arxiu |b Arxiu |d 2023-08-22 |h Núm. 220 (octubre/desembre 1983) |l 0 |o Rev-693 |p 28247 |r 2023-08-22 00:00:00 |w 2023-08-22 |y ARXIU | ||
| 952 | |0 0 |1 0 |4 0 |6 REV694 |7 1 |9 96188 |a Arxiu |b Arxiu |d 2023-08-22 |h Núm. 221 (gener/març 1984) |l 0 |o Rev-694 |p 28248 |r 2023-08-22 00:00:00 |w 2023-08-22 |y ARXIU | ||
| 952 | |0 0 |1 0 |4 0 |6 REV695 |7 1 |9 96189 |a Arxiu |b Arxiu |d 2023-08-22 |h Núm. 222 (abril/juny 1984) |l 0 |o Rev-695 |p 28249 |r 2023-08-22 00:00:00 |w 2023-08-22 |y ARXIU | ||
| 952 | |0 0 |1 0 |4 0 |6 REV696 |7 1 |9 96190 |a Arxiu |b Arxiu |d 2023-08-22 |h Núm. 223 (juliol/setembre 1984) |l 0 |o Rev-696 |p 28250 |r 2023-08-22 00:00:00 |w 2023-08-22 |y ARXIU | ||
| 952 | |0 0 |1 0 |4 0 |6 REV697 |7 1 |9 96191 |a Arxiu |b Arxiu |d 2023-08-22 |h Núm. 224 (octubre/desembre 1984) |l 0 |o Rev-697 |p 28251 |r 2023-08-22 00:00:00 |w 2023-08-22 |y ARXIU | ||
| 952 | |0 0 |1 0 |4 0 |6 REV698 |7 1 |9 96192 |a Arxiu |b Arxiu |d 2023-08-22 |h Índexs 1942-1973 |l 0 |o Rev-698 |p 28252 |r 2023-08-22 00:00:00 |w 2023-08-22 |y ARXIU | ||
| 952 | |0 0 |1 0 |4 0 |6 REV2298 |7 1 |9 96193 |a Arxiu |b Arxiu |d 2023-08-22 |h Índexs 1968 ; 1792-1984 |l 0 |o Rev-2298 |p 28253 |r 2023-08-22 00:00:00 |w 2023-08-22 |y ARXIU | ||
| 999 | |c 52658 |d 52658 | ||